000 00297nam a22001337a 4500
020 _a978-9-351-03831-3
082 _a821
_bGRE/S
100 _aGREENBERG,DAVID
245 _aSUPER SILLY SCHOOL POEMS
260 _aNEW YORK
_bORCHARD BOOKS
300 _a32
650 _aPOEMS
_zNEW YORK
942 _cBK
999 _c3909
_d3909